| 000 | 00426nam a22001697a 4500 | ||
|---|---|---|---|
| 999 |
_c7999 _d7997 |
||
| 005 | 20220307164318.0 | ||
| 008 | 220307b ||||| |||| 00| 0 eng d | ||
| 020 | _a978-81-315-2473-2 | ||
| 041 | _aeng | ||
| 082 | _a615.1 | ||
| 100 |
_aMILLER , GTYLER AND SPOOLMAN, SCOTT E. _97275 |
||
| 245 | _aENVIRONMENTAL SCIENCE | ||
| 260 |
_aANDOVER _bCENGAGE LEARNING _c2013 |
||
| 300 | _a544;p | ||
| 650 |
_aBPT _96963 |
||
| 942 | _cBK | ||